Finančno-ekonomická analýza podniku
Guardado en:
| Autor principal: | |
|---|---|
| Autor Corporativo: | |
| Otros Autores: | , |
| Formato: | Libro |
| Lenguaje: | eslovaco |
| Publicado: |
Bratislava
SPRINT
1998
|
| Edición: | 2. vyd. |
| Materias: | |
| Etiquetas: |
Sin Etiquetas, Sea el primero en etiquetar este registro!
|
MARC
| LEADER | 00000nam a2200000 4500 | ||
|---|---|---|---|
| 001 | c102505 | ||
| 005 | 20221123132820.5 | ||
| 020 | |a 80-88848-18-0 | ||
| 041 | 0 | |a slo | |
| 044 | |a SK | ||
| 245 | 1 | 0 | |a Finančno-ekonomická analýza podniku |c Karol Zalai a kolektív |
| 250 | |a 2. vyd. | ||
| 264 | 1 | |a Bratislava |b SPRINT |c 1998 | |
| 300 | |a 299 s. | ||
| 610 | 2 | 0 | |a podnik |
| 610 | 2 | 0 | |a analýza finančná |
| 610 | 2 | 0 | |a analýza ekonomická |
| 610 | 2 | 0 | |a ukazovatele |
| 610 | 2 | 0 | |a modely analytické ekonometrické |
| 610 | 2 | 0 | |a prognózovanie |
| 610 | 2 | 0 | |a závierka účtovná konsolidovaná |
| 610 | 2 | 0 | |a konsolidácia |
| 610 | 2 | 0 | |a výsledok hospodársky |
| 610 | 2 | 0 | |a sortiment výroby |
| 610 | 2 | 0 | |a financie |
| 610 | 2 | 0 | |a cash flow |
| 610 | 2 | 0 | |a ukazovatele efektívnosti |
| 610 | 2 | 0 | |a výrobky |
| 610 | 2 | 0 | |a metódy matematicko-štatistické |
| 610 | 2 | 0 | |a faktory výrobné |
| 610 | 2 | 0 | |a majetok hmotný |
| 610 | 2 | 0 | |a majetok investičný |
| 610 | 2 | 0 | |a využitie síl pracovných |
| 610 | 2 | 0 | |a spotreba materiálu |
| 610 | 2 | 0 | |a analýza nákladov |
| 100 | 1 | |a Zalai, Karol | |
| 700 | 1 | |a Kalafutová, Ľudmila | |
| 700 | 1 | |a Šnircová, Jana, 1971- | |
| 710 | 2 | |a Ekonomická univerzita v Bratislave. Fakulta podnikového manažmentu | |